| Tag |
First Indicator |
Second Indicator |
Subfields |
| LEADER |
00000cgm a2200000 i 4500 |
| 001 |
in00004764821 |
| 006 |
m o c |
| 007 |
cr ||||||||||| |
| 007 |
vz u|||z| |
| 008 |
151209s2014 cau155 o vleng d |
| 005 |
20240111162629.6 |
| 035 |
|
|
|a (OCoLC)ocn931924271
|
| 040 |
|
|
|a MOSMP
|b eng
|e rda
|e pn
|c MOSMP
|d OCLCO
|d MOSMP
|d OCLCF
|d OCLCO
|d OCLCA
|d OCL
|d CDS
|d OCL
|d OCLCO
|d OCLCQ
|d OCLCO
|d OCLCL
|
| 035 |
|
|
|a (OCoLC)931924271
|
| 043 |
|
|
|a e-uk---
|
| 044 |
|
|
|a cau
|a xxk
|
| 050 |
|
4 |
|a PN1997
|
| 049 |
|
|
|a TXAM
|
| 130 |
0 |
|
|a Bridge on the River Kwai (Motion picture)
|
| 245 |
1 |
4 |
|a The bridge on the River Kwai /
|c screenplay by Carl Foreman and Michael Wilson ; produced by Sam Spiegel ; directed by David Lean.
|
| 264 |
|
1 |
|a [Culver City, Calif.] :
|b Columbia Pictures,
|c [2014?]
|
| 300 |
|
|
|a 1 online resource (1 video file (155 min.)) :
|b sound, color
|
| 336 |
|
|
|a two-dimensional moving image
|b tdi
|2 rdacontent
|
| 337 |
|
|
|a computer
|b c
|2 rdamedia
|
| 338 |
|
|
|a online resource
|b cr
|2 rdacarrier
|
| 380 |
|
|
|a Motion picture
|
| 511 |
1 |
|
|a Alec Guinness, William Holden, Jack Hawkins, Sessue Hayakawa, George Horne, James Donald.
|
| 500 |
|
|
|a Based on the novel by Pierre Boulle.
|
| 500 |
|
|
|a Originally produced as a motion picture in 1957.
|
| 521 |
8 |
|
|a MPAA Rating: PG.
|a CHV rating: PG.
|
| 520 |
|
|
|a British POWs are forced to build a railway bridge for their WWII Japanese captors, unaware of an Allied mission to blow it up.
|
| 588 |
0 |
|
|a Vendor metadata.
|
| 650 |
|
0 |
|a World War, 1939-1945
|x Conscript labor
|v Drama.
|
| 650 |
|
0 |
|a Prisoners of war
|x Abuse of
|v Drama.
|
| 650 |
|
0 |
|a Prisoners of war
|z Great Britain
|v Drama.
|
| 650 |
|
7 |
|a Prisoners of war.
|2 fast
|0 (OCoLC)fst01077227
|
| 650 |
|
7 |
|a Prisoners of war
|x Abuse of.
|2 fast
|0 (OCoLC)fst01766447
|
| 651 |
|
7 |
|a Great Britain.
|2 fast
|0 (OCoLC)fst01204623
|
| 647 |
|
7 |
|a World War
|d (1939-1945)
|2 fast
|0 (OCoLC)fst01180924
|
| 648 |
|
7 |
|a 1939-1945
|2 fast
|
| 655 |
|
7 |
|a Drama.
|2 fast
|0 (OCoLC)fst01423879
|
| 655 |
|
7 |
|a Feature films.
|2 fast
|0 (OCoLC)fst01710384
|
| 655 |
|
7 |
|a Fiction films.
|2 fast
|0 (OCoLC)fst01710264
|
| 655 |
|
7 |
|a War films.
|2 fast
|0 (OCoLC)fst01710402
|
| 655 |
|
7 |
|a Feature films.
|2 lcgft
|
| 655 |
|
7 |
|a Fiction films.
|2 lcgft
|
| 655 |
|
7 |
|a War films.
|2 lcgft
|
| 655 |
|
7 |
|a Films de fiction.
|2 rvmgf
|
| 700 |
1 |
|
|a Guinness, Alec,
|d 1914-2000,
|e actor.
|
| 700 |
1 |
|
|a Holden, William,
|d 1918-1981,
|e actor.
|
| 700 |
1 |
|
|a Hawkins, Jack,
|d 1910-1973,
|e actor.
|
| 700 |
1 |
|
|a Hayakawa, Sesshū,
|d 1889-1973,
|e actor.
|
| 700 |
1 |
|
|a Foreman, Carl.,
|e screenwriter.
|
| 700 |
1 |
|
|a Wilson, Michael,
|d 1914-1978,
|e screenwriter.
|
| 700 |
1 |
|
|a Spiegel, Sam.,
|e film producer.
|
| 700 |
1 |
|
|a Lean, David,
|d 1908-1991,
|e film director.
|
| 700 |
1 |
|
|i Motion picture adaptation of (work) :
|a Boulle, Pierre,
|d 1912-1994.
|t Pont de la rivière Kwaï.
|
| 710 |
2 |
|
|a Columbia Pictures Corporation,
|e publisher.
|
| 856 |
4 |
0 |
|u http://proxy.library.tamu.edu/login?url=https://digitalcampus.swankmp.net/tamu324081/play/6349D9B79C532C77
|z Connect to this streaming video (Swank Digital Campus)
|t 0
|
| 955 |
|
|
|a Swank streaming video subscription 12/21/2023 - 12/31/2024
|
| 994 |
|
|
|a 92
|b TXA
|
| 999 |
f |
f |
|s 9a6cba52-ed47-4ac2-9f00-8ad0cac67ba9
|i 9f5e150e-fb5f-42d8-b891-060f806bcb6f
|t 0
|
| 952 |
f |
f |
|a Texas A&M University
|b College Station
|c Electronic Resources
|d Available Online
|t 0
|e PN1997
|h Library of Congress classification
|
| 998 |
f |
f |
|a PN1997
|t 0
|l Available Online
|